[Event "Igualada Anoia op 13th"]
[Site "Igualada"]
[Date "2018.01.20"]
[Round "2"]
[White "Valarezo Ricard, Pedro"]
[Black "Diaz Soro, Josep Lluis"]
[Result "1-0"]
[WhiteElo "1858"]
[BlackElo "1695"]
[PlyCount "105"]
[EventDate "2018.01.13"]
[EventType "swiss"]
[EventRounds "8"]
[EventCountry "ESP"]
[SourceTitle "CBM 187 Extra"]
[Source "ChessBase"]
[SourceDate "2018.11.04"]
[SourceVersion "1"]
[SourceVersionDate "2018.11.04"]
[SourceQuality "1"]

1. d4 f5 2. Nf3 Nf6 3. Bf4 e6 4. h3 h6 5. e3 g5 6. Bh2 b6 7. Nbd2 Bb7 8. Bd3 h5 9. Qe2 Rg8 10. e4 g4 11. Ne5 d6 12. Nec4 fxe4 13. Nxe4 Nxe4 14. Bxe4 d5 15. Bh7 Rg7 16. Ne5 Rxh7 17. hxg4 Ba6 18. Qf3 hxg4 19. Qxg4 Qe7 20. Qg6+ Kd8 21. 0-0-0 Rg7 22. Qh5 Rh7 23. Qf3 Bh6+ 24. Kb1 Bg5 25. Bg3 Kc8 26. Rxh7 Qxh7 27. Qf8+ Kb7 28. Nf7 Qg6 29. Qe8 Qf6 30. Ne5 Qe7 31. Qa4 b5 32. Qa5 Qg7 33. Nd3 Kc8 34. Nc5 c6 35. Nxe6 Qb7 36. Nxg5 Qb6 37. Qe1 Qd8 38. Qe6+ Kb7 39. Nf7 Qd7 40. Nd6+ Kb6 41. Qe3 Bc8 42. Rh1 a5 43. Rh8 Na6 44. Qf4 Qe6 45. Nxc8+ Rxc8 46. Rxc8 Qxc8 47. a3 Qe8 48. Qd2 Qh5 49. f3 b4 50. a4 b3 51. Be1 bxc2+ 52. Qxc2 Nb4 53. Qc5+ 1-0

[Event "Vilafranca del Penedes op 10th"]
[Site "Vilafranca del Penedes"]
[Date "2016.04.01"]
[Round "1.1"]
[White "Diaz Soro, Josep Lluis"]
[Black "Esplugas Esteve, Vicenc"]
[Result "0-1"]
[WhiteElo "1893"]
[BlackElo "2379"]
[PlyCount "44"]
[EventDate "2016.04.01"]
[EventType "swiss"]
[EventRounds "8"]
[EventCountry "ESP"]
[SourceTitle "EXT 2024"]
[Source "ChessBase"]
[SourceDate "2023.10.10"]
[SourceVersion "1"]
[SourceVersionDate "2023.10.10"]
[SourceQuality "1"]

1. f4 g6 2. Nf3 Bg7 3. e3 d6 4. d4 Nd7 5. c3 e5 6. Bd3 Qe7 7. dxe5 dxe5 8. e4 Nc5 9. 0-0 Bg4 10. Qe2 0-0-0 11. Bc2 f5 12. h3 Bxf3 13. gxf3 Nh6 14. b4 Ne6 15. Qf2 exf4 16. Qxa7 Qg5+ 17. Kh1 Rd6 18. Qf2 Qh5 19. Qh2 Nf7 20. h4 Bf6 21. exf5 gxf5 22. Qh3 Nfg5 0-1

[Event "Igualada and Anoia op 9th"]
[Site "Igualada"]
[Date "2014.02.15"]
[Round "5"]
[White "Diaz Soro, Josep Lluis"]
[Black "Pallares Miserach, Joan"]
[Result "0-1"]
[WhiteElo "1776"]
[BlackElo "1853"]
[PlyCount "92"]
[EventDate "2014.01.11"]
[EventType "swiss"]
[EventRounds "8"]
[EventCountry "ESP"]
[SourceTitle "EXT 2024"]
[Source "ChessBase"]
[SourceDate "2023.10.10"]
[SourceVersion "1"]
[SourceVersionDate "2023.10.10"]
[SourceQuality "1"]

1. f4 d5 2. e3 g6 3. d4 Bg7 4. c3 Nf6 5. Nf3 Nbd7 6. Bd3 Nb6 7. 0-0 Bg4 8. Qc2 Bxf3 9. Rxf3 Qd6 10. b3 c6 11. Ba3 Qc7 12. Nd2 Nbd7 13. e4 dxe4 14. Nxe4 Nxe4 15. Bxe4 f5 16. Bd3 c5 17. Re1 Bf6 18. Re6 0-0 19. Bc4 Kh8 20. Qf2 Rac8 21. d5 Qa5 22. Qb2 Qc7 23. Qc2 Rfd8 24. Rd3 Qa5 25. Qb2 Nf8 26. b4 Qa4 27. Rxf6 exf6 28. Bb3 Qe8 29. Qd2 c4 30. Re3 Qd7 31. Bd1 Qxd5 32. Qxd5 Rxd5 33. Bf3 Rd7 34. Bc1 Rcc7 35. Kf2 Rd6 36. Re8 Kg7 37. Be3 Ra6 38. Bc5 Ne6 39. Rxe6 Rxe6 40. Bxa7 Ra6 41. Bd4 Rxa2+ 42. Kg3 Rd7 43. Bc5 Rad2 44. b5 Rb2 45. b6 Rb3 46. Bd4 Rxd4 0-1